000
00177nam a2200073Ia 4500
008
170524s9999 xx 000 0 und d
100
_a
GUPTA- SP
245
0
_a
BUSINESS STATISTICS
260
_b
GALGOTIA PUB. HOUSE
999
_c
8043
_d
8043